The necessary nation

Αποθηκεύτηκε σε:
Λεπτομέρειες βιβλιογραφικής εγγραφής
Κύριος συγγραφέας: Jusdanis, Gregory 1955-
Μορφή: Βιβλίο
Γλώσσα:English
Δημοσίευση: Princeton : Princeton University Press, 2001
Θέματα:
Ετικέτες: Προσθήκη ετικέτας
Δεν υπάρχουν, Καταχωρήστε ετικέτα πρώτοι!

MARC

LEADER 00000nam a2200000 i 4500
001 1/64289
008 041029s2001 eng d
020 |a 0-691-07029-6 
035 |l 10074980 
040 |a GR-MY-UA  |b gre  |e aacr 
041 0 |a eng 
082 0 |a 306 
100 1 |a Jusdanis, Gregory  |d 1955- 
245 1 4 |a The necessary nation /  |c Gregory Jusdanis 
260 |a Princeton :   |b Princeton University Press,   |c 2001 
300 |a 261 p. 
504 |a Includes bibliographical references and index 
650 0 0 |a Nationalism. 
650 0 0 |a Culture. 
852 |a INST  |b RHODES  |e 20041029  |h 306 JUS  |p 005400018252  |q 005400018252  |t BK  |y 0 
901 |a BIBL4-2004-3 
909 |a Ρ  |b 115144 
922 |a 4ΕΛΗ  |b 200410  |c ΕΠΕΑΕΚ2/ΠΤΔΕ  |d ΜΙΧΑΛΟΠΟΥΛΟΣ 
950 |a 095-2004-06-16 
970 |a ΚΟΥΛΑΚΙΟΤΗ  |b ΛΙΤΣΑ  |z 2004/10/29